Essentials of Managerial Finance / (Record no. 4629)

MARC details
000 -LEADER
fixed length control field 01119nac a22002531u 4500
008 - FIXED-LENGTH DATA ELEMENTS--GENERAL INFORMATION
fixed length control field 090707t xxu||||| |||| 00| 0 eng d
010 ## - LIBRARY OF CONGRESS CONTROL NUMBER
LC control number 99076978
020 ## - INTERNATIONAL STANDARD BOOK NUMBER
International Standard Book Number 0030258723
020 ## - INTERNATIONAL STANDARD BOOK NUMBER
International Standard Book Number 0030101999
082 00 - DEWEY DECIMAL CLASSIFICATION NUMBER
Classification number 658.15
Item number WES
100 ## - MAIN ENTRY--PERSONAL NAME
Personal name Weston, J. Fred
9 (RLIN) 7691
245 10 - TITLE STATEMENT
Title Essentials of Managerial Finance /
Statement of responsibility, etc J. Fred Weston,Scott Besley, Eugene F. Brigham.
250 ## - EDITION STATEMENT
Edition statement 11th ed.
Remainder of edition statement international edition
260 ## - PUBLICATION, DISTRIBUTION, ETC. (IMPRINT)
Place of publication, distribution, etc Fort Worth :
Name of publisher, distributor, etc Dryden Press,
Date of publication, distribution, etc c1996.
300 ## - PHYSICAL DESCRIPTION
Extent xxxiii, 788p. :
Other physical details col. ill. ;
Dimensions 26 cm.
440 #4 -
-- The Dryden Press series in finance
-- 7692
504 ## - BIBLIOGRAPHY, ETC. NOTE
Bibliography, etc Includes bibliographical references and index.
650 #0 - SUBJECT ADDED ENTRY--TOPICAL TERM
Topical term or geographic name as entry element Corporations
General subdivision Finance.
9 (RLIN) 7693
700 1# - ADDED ENTRY--PERSONAL NAME
Personal name Brigham, Eugene F.,
Dates associated with a name 1930-
9 (RLIN) 7694
700 1# - ADDED ENTRY--PERSONAL NAME
Personal name Besley, Scott
9 (RLIN) 7695
942 ## - ADDED ENTRY ELEMENTS (KOHA)
Item type Book - Borrowing
Call number prefix 658.15 WES
Source of classification or shelving scheme Dewey Decimal Classification
Holdings
Withdrawn status Item status Source of classification or shelving scheme Damaged status Not for loan Vendor Home library Current library Shelving location Date acquired Source of acquisition Total Checkouts Total Renewals Full call number Barcode Date last seen Date last borrowed Koha item type Cost, normal purchase price Serial Enumeration / chronology
    Dewey Decimal Classification     unknown Central Library Central Library First floor 07/09/2012   4 7 658.15 WES 000005756 15/07/2025 17/04/2013 Book - Borrowing    
    Dewey Decimal Classification     Alahram Central Library Central Library First floor 07/07/2009       658.15 WES 000017277 15/07/2025   Book - Borrowing 114.70 72